01734nam a2200349 i 4500003000900000005001700009007000300026008004100029040003000070082001300100110009700113245009800210264012800308300002800436336002700464337003400491338002800525490003200553490003100585500006700616500005300683500015900736500008600895590002700981700003601008710006901044710002501113910001401138942001301152952020201165999001701367DO-SdBNP20250205101056.0ta110413s1994 dr a 000 j spa d aDO-SdBNPbspacBNPHUerda bF9812221 aRepública Dominicana.bSecretaría de Estado de Educación, Bellas Artes y Cultos92396510aFundamentos del sistema de supervisión educativa /cpresentación Jacqueline Malagón L.  1aSanto Domingo :bSecretaría de Estado de Educación, Bellas Artes y Cultos,bPNUD,bBanco MundialbDe Colores, c[1994]. a40 páginas, c28 cm. 2rdacontentatextobtxt 2rdamediaasin mediación bn 2rdacarrieravolumenbnc1 aPlan Decenal de Educación1 aSupervisión Educativav1 aDivisión de Descentralización y Control de la Educación. aDirección General de Supervisión Educativa.  aElaborado dentro del marco del proyecto DOM/91/008 ¨Proyecto de Desarrollo de la Educación Primaria¨ que se ejecuta con préstamo del Banco Mundial.  aAuspiciado por APEC con motivo de la celebración de su XXX aniversario 1964-94. aInventariado, 2024/ YL1 aMalagón L., Jacqueline9850271 aPrograma de las Naciones Unidas para el Desarrollo (PNUD)9435401 aBanco Mundial932071 aYLockward 2ddccLF2 00102ddc51708DS-FaBNPHUbBNPHUcCTd2014-12-01eDonado por Barbara Suncarl0oBNPHU F-PD F981p2024-1425r2024-03-14w2024-03-14yLF2zPerteneció a la biblioteca personal de Bárbara Suncar c56096d56096